One Piece - Équipage de Barbe Blanche - Statistiques

Statistiques générales
  • Ce quiz a été pris 974 fois
  • Le résultat moyen est 8 sur 17
Statistiques - réponses
Titre Nom % Correct
Capitaine de l'équipage Edward Newgate
99%
Capitaine de la flotte n°1 Marco
99%
Capitaine de la flotte n°2 Portgas D. Ace
99%
Capitaine de la flotte n°3 Joz
88%
Capitaine de la flotte n°5 Vista
85%
Capitaine de la flotte n°4 Thatch
62%
Capitaine de la flotte n°16 Izou
42%
Capitaine de la flotte n°8 Namur
35%
Capitaine de la flotte n°6 Blamenco
34%
Capitaine de la flotte n°10 Curiel
25%
Capitaine de la flotte n°12 Haruta
23%
Capitaine de la flotte n°13 Atmos
21%
Capitaine de la flotte n°15 Fossa
20%
Capitaine de la flotte n°9 Blenheim
19%
Capitaine de la flotte n°11 Kingdew
16%
Capitaine de la flotte n°7 Rakuyou
15%
Capitaine de la flotte n°14 Speed Jiru
15%
Aucun quiz correspondant
Distribution des résultats
% des personnes avec chaque résultat
Percentile par nombre de réponses
Votre historique - résultats
Vous n’avez pas pris ce quiz